Bwamba economy : (Record no. 201496)
[ view plain ]
| 000 -LEADER | |
|---|---|
| fixed length control field | 00975cam9a220026500 4500 |
| 001 - CONTROL NUMBER | |
| control field | qce00438744 |
| 005 - DATE AND TIME OF LATEST TRANSACTION | |
| control field | 20190830124738.0 |
| 008 - FIXED-LENGTH DATA ELEMENTS--GENERAL INFORMATION | |
| fixed length control field | 720710s1955 ug a 000 0 eng |
| 010 ## - LIBRARY OF CONGRESS CONTROL NUMBER | |
| LC control number | 56037623 /L |
| 035 ## - SYSTEM CONTROL NUMBER | |
| System control number | (Sirsi) r116711 |
| 035 ## - SYSTEM CONTROL NUMBER | |
| System control number | (QCAT)lss00247845 |
| 035 ## - SYSTEM CONTROL NUMBER | |
| System control number | (UPRA)qce00438744 |
| 040 ## - CATALOGING SOURCE | |
| Modifying agency | UPRA |
| 050 0# - LIBRARY OF CONGRESS CALL NUMBER | |
| Classification number | HC517.U22 |
| Item number | B97 |
| 100 1# - MAIN ENTRY--PERSONAL NAME | |
| Personal name | Winter, Edward Henry. |
| Linkage | A32699.1 |
| 245 10 - TITLE STATEMENT | |
| Title | Bwamba economy : |
| Remainder of title | the development of a primitive subsistence economy in Uganda. |
| 260 ## - PUBLICATION, DISTRIBUTION, ETC. | |
| Place of publication, distribution, etc. | Kampala : |
| Name of publisher, distributor, etc. | East African Institute of Social Research, |
| Date of publication, distribution, etc. | 1955. |
| 490 0# - SERIES STATEMENT | |
| Series statement | East African studies ; |
| Volume/sequential designation | no. 5 |
| Linkage | S1816.1 |
| 650 #0 - SUBJECT ADDED ENTRY--TOPICAL TERM | |
| Topical term or geographic name entry element | Economic anthropology. |
| Linkage | S5826.1 |
| 650 #0 - SUBJECT ADDED ENTRY--TOPICAL TERM | |
| Topical term or geographic name entry element | Economic anthropology -- Uganda. |
| Geographic subdivision | Economic anthropology -- Uganda. |
| Linkage | S58746.1 |
| 651 #0 - SUBJECT ADDED ENTRY--GEOGRAPHIC NAME | |
| Geographic name | Bwamba, Uganda. |
| Linkage | S58747.1 |
| 651 #0 - SUBJECT ADDED ENTRY--GEOGRAPHIC NAME | |
| Geographic name | Uganda -- Economic conditions. |
| General subdivision | Uganda -- Economic conditions. |
| Linkage | S25894.1 |
| 949 ## - LOCAL PROCESSING INFORMATION (OCLC) | |
| a | HC517.U22 |
| w | lcc |
| i | -168158 |
| m | MAIN |
| t | BOOK |
| l | ON-SHELF |
No items available.